Diccionario enciclopedia KRONOS (Registro nro. 6696)

Detalles MARC
000 -CABECERA
Campo de control interno 01716nam a2200241Ia 4500
008 - ELEMENTOS DE LONGITUD FIJA - INFORMACIÓN GENERAL
Campo de control de longitud fija 260220t1977||||xx |||||||||||||| ||spa||
040 ## - FUENTE DE CATALOGACIÓN
Agencia de catalogación original PY-SlUNAC
Idioma de catalogación spa
Convenciones de descripción rda
041 ## - CÓDIGO DE IDIOMA
Código de idioma para texto/pista de sonido o título separado spa
082 ## - NÚMERO DE CLASIFICACIÓN DECIMAL DEWEY
Clasificación Decimal Dewey (CDD) 036
Clasificación Expansiva de Cutter (EC) D547d
245 #0 - TÍTULO
Título Diccionario enciclopedia KRONOS
264 ## - PIE DE IMPRENTA
Lugar Buenos Aires :
Editorial Juan C. Granda,
Año ℗1977.
300 ## - DESCRIPCIÓN FÍSICA
Páginas 1 volumen
490 ## - MENCIÓN DE LA SERIE
Serie/Colección
Volumen/Número secuencial volumen 2
520 ## - NOTA DE RESUMEN
Nota de resumen El "Diccionario enciclopedia KRONOS", publicado en 1977 por Juan C. Granda en Buenos Aires, es una obra de referencia que compila un vasto conjunto de conocimientos en diversos campos del saber humano. Este diccionario destaca por su enfoque enciclopédico, proporcionando definiciones, explicaciones y contextos históricos de términos y conceptos fundamentales en disciplinas como la historia, la ciencia, la cultura y la filosofía. La obra se caracteriza por su accesibilidad, diseñada tanto para el público general como para estudiantes e investigadores, lo que la convierte en una herramienta valiosa para la educación y el estudio. A través de una estructura organizada, los lectores pueden explorar temas variados de manera sistemática, encontrando información relevante y actualizada para expandir su comprensión del mundo. El "Diccionario enciclopedia KRONOS" no solo sirve como un recurso informativo, sino que también promueve el interés por el conocimiento y la curiosidad intelectual, reflejando la riqueza cultural y científica de su tiempo.
653 ## - MATERIA - TÉRMINO TEMÁTICO NO CONTROLADO (PALABRAS CLAVE)
Materia - término temático no controlado (palabras clave) Diccionario
653 ## - MATERIA - TÉRMINO TEMÁTICO NO CONTROLADO (PALABRAS CLAVE)
Materia - término temático no controlado (palabras clave) Enciclopedias
653 ## - MATERIA - TÉRMINO TEMÁTICO NO CONTROLADO (PALABRAS CLAVE)
Materia - término temático no controlado (palabras clave) Referencias bibliográficas
942 ## - ELEMENTOS PERSONALIZADOS (KOHA)
Fecha catalogación 2026/02/17
Tipo de documento Libros
Existencias
Fuente de Clasificacion Colección Ubicacion permanente Biblioteca actual Fecha de Ingreso a la Biblioteca Origen de adquisición Enumeración en serie / cronología Código de ubicación Código de barras Tipo de Item KOHA Nota pública
Dewey Decimal Classification Colección General (CG) Biblioteca e Internet, Facultad de Ciencias Exactas y Naturales Biblioteca e Internet, Facultad de Ciencias Exactas y Naturales 02/20/2026 Donación V.2 036 D547d CG56 Libros Material disponible en la Biblioteca e Intenet, Campus UNA, San Lorenzo.